Country Synonyms - Statistics

General Stats
  • This quiz has been taken 29 times
  • The average score is 9 of 20
Answer Stats
Hint Answer % Correct
Me-jog Iran
83%
ya-male Yemen
83%
Frosty-touch down Iceland
79%
Unified regions United states
79%
Ravenous Hungary
67%
Neither-method Norway
67%
Chant-a-opening Singapore
67%
Lair-spot Denmark
54%
Microbe-some Germany
50%
bind-nation Thailand
50%
within-finished-Chandelier artist Indonesia
46%
Woops-guy Oman
38%
Certain-title Suriname
38%
Dad-latest-small rodent Papua New Guinea
33%
Additional-swing-carbon monoxide Morocco
29%
Harbor-yourself-girl Portugal
21%
Smaller-oops-nevertheless Lesotho
17%
Argue-delirium Romania
17%
Gossip-functioning Gabon
8%
Bump-region Bulgaria
4%
No matching quizzes found
Score Distribution
Percent of People with Each Score
Percentile by Number Answered
Your Score History
You have not taken this quiz